MARC

LEADER 00000nam0a2200000 4500
001 109353
005 20231101214849.0
010 |a 5765902634 
035 |a (RuTPU)RU\TPU\book\118059 
090 |a 109353 
100 |a 20070207d1990 m y0rusy50 ca 
101 0 |a rus 
102 |a RU 
105 |a a z 001zy 
200 1 |a Расширение технологических возможностей алмазного шлифования  |f Г. Х Юсупов [и др.]  |g Ижевский механический институт 
210 |a Ижевск  |c Удмуртия  |d 1990 
215 |a 138 с.  |c ил. 
320 |a Библиогр.: с. 110-111. 
610 1 |a металлы 
610 1 |a алмазное шлифование 
610 1 |a технология 
610 1 |a проектирование 
610 1 |a автоматизация 
610 1 |a алмазные круги 
610 1 |a функционирование 
610 1 |a обработка материалов 
675 |a 621.923.4:621.921.34  |v 3 
701 1 |a Юсупов  |b Г. Х  |g Георгий Хозеевич 
701 1 |a Сипайлов  |b В. А.  |g Владимир Антонович 
701 1 |a Чучков  |b Е. М.  |g Евгений Михайлович 
701 1 |a Уразбахтин  |b Ф. А.  |g Федор Асхатович 
701 1 |a Репко  |b В. Н.  |g Валентин Николаевич 
712 0 2 |a Ижевский механический институт  |2 stltpush  |3 (RuTPU)RU\TPU\col\12489  |9 25432 
801 1 |a RU  |b 63413507  |c 20070207  |g PSBO 
801 2 |a RU  |b 63413507  |c 20080408  |g PSBO 
942 |c BK